Handbook of conducting polymers
Αποθηκεύτηκε σε:
| Άλλοι συγγραφείς: | , , |
|---|---|
| Μορφή: | Βιβλίο |
| Γλώσσα: | English |
| Δημοσίευση: |
New York, NY :
Marcel Dekker,
c1998
|
| Έκδοση: | 2nd ed., rev. and expanded |
| Θέματα: | |
| Ετικέτες: |
Προσθήκη ετικέτας
Δεν υπάρχουν, Καταχωρήστε ετικέτα πρώτοι!
|
MARC
| LEADER | 00000nam a2200000 i 4500 | ||
|---|---|---|---|
| 001 | 1/86395 | ||
| 008 | 050927s1998 eng d | ||
| 020 | |a 0-8247-0050-3 (hbk.) | ||
| 035 | |l 10080539 | ||
| 040 | |a GR-MY-UA |b gre |e aacr | ||
| 041 | 0 | |a eng | |
| 082 | 0 | |a 547.70475 |2 (22) | |
| 245 | 1 | 0 | |a Handbook of conducting polymers / |c επιμέλεια: Terje A. Skotheim, Ronald L. Elsenbaumer, John R. Reynolds |
| 250 | |a 2nd ed., rev. and expanded | ||
| 260 | |a New York, NY : |b Marcel Dekker, |c c1998 | ||
| 300 | |a xiii, 1097 σ.; |b εικ.; |c 29 εκ | ||
| 504 | |a Περιλαμβάνει βιβλιογραφικές αναφορές και ευρετήριο | ||
| 600 | 1 | 0 | |a QUIMICA. |
| 650 | 0 | 0 | |a Conducting polymers. |
| 650 | 0 | 0 | |a Organic conductors. |
| 700 | 1 | |a Skotheim, Terje A. |4 edt | |
| 700 | 1 | |a Elsenbaumer, Ronald L. |d 1951- |4 edt | |
| 700 | 1 | |a Reynolds, Johns R. |d 1956- |4 edt | |
| 852 | |a INST |b CHIOS |e 20050927 |h 547.70457 HAN |p 005200021750 |q 005200021750 |t BK |y 0 | ||
| 901 | |a BIBL2-2005-3 | ||
| 909 | |a Χ |b 118713 | ||
| 920 | |a ΔΙΕΥΡΥΝΣΗ |b ΕΠΕΑΕΚ-ΤΜΟΔ |y ΧΙΟΣ |z 2004-12 | ||
| 970 | |a ΧΑΖΙΡΗ |b ΑΝΝΑ |z 2005/11/10 | ||